Score 0/40 Timer 05:00
3 Plays Today
Question Answer Wrong Answers
'An apple a ____ keeps the doctor away'
(popular proverb about the benefits of healthy eating)
Day
91.8%
Second
0.3%
Minute
0.2%
Hour
0.4%
After _____
(outside of a business' official closing time)
Hours
91.8%
Seconds
0.3%
Minutes
0.5%
Days
0.5%
24 ____ store
(a business that is open all day)
Hour
91.5%
Second
0.3%
Minute
0.2%
Day
0.5%
Rush ____
(1998 action film starring Jackie Chan and Chris Tucker)
Hour
91.4%
Second
0.3%
Minute
0.3%
Day
0.6%
'The 12 ____ of Christmas'
(popular Christmas carol)
Days
91.3%
Seconds
0.2%
Minutes
0.3%
Hours
1%
'On a ____ Like Today'
(1998 Bryan Adams song)
Day
90.9%
Second
0.5%
Minute
0.6%
Hour
0.6%
'Rome wasn't built in a ____'
(an adage attesting to the need for time to create great things)
Day
90.8%
Second
0.5%
Minute
0.6%
Hour
0.6%
Green ____
(American rock band)
Day
89.9%
Second
0.4%
Minute
0.9%
Hour
1.5%
____ of Our Lives
(long-running American soap opera)
Days
89.8%
Seconds
0.9%
Minutes
0.7%
Hours
1.2%
'8 ____ a Week'
(1964 Beatles song)
Days
89%
Seconds
0.4%
Minutes
0.6%
Hours
2.5%
Witching ____
(the time of night associated with supernatural events)
Hour
88.9%
Second
0.9%
Minute
1.1%
Day
1.7%
At the 11th ____
(doing something at the last possible moment)
Hour
87.6%
Second
1.6%
Minute
2%
Day
1.5%
'Carpe diem. Seize the ____, boys. Make your lives extraordinary.'
(famous quote from the 1989 movie 'Dead Poets Society')
Day
87.4%
Second
1.1%
Minute
2.3%
Hour
1.7%
5 ____ rule
(unofficial rule for eating food that has fallen on the floor)
Second
87.2%
Minute
4.7%
Hour
0.3%
Day
0.3%
Gone in 60 ____
(2000 movie starring Nicolas Cage)
Seconds
86.4%
Minutes
5%
Hours
0.4%
Days
0.8%
130 km/____ or 81 miles/____
(the advised speed limit on the Autobahn highway system in Germany)
Hr
85.7%
Sec
3.1%
Min
3.2%
Day
0.4%
Seventh-____ Adventist Church
(a Christian denomination that observes the Sabbath on Saturday)
Day
85.2%
Second
1.2%
Minute
1.1%
Hour
5%
48 ____
(1982 action comedy starring Eddie Murphy and Nick Nolte)
Hrs.
84.9%
Secs.
1.6%
Mins.
2.6%
Days
3.6%
Two-____ Warning
(a mandated stoppage of play in a half of American football)
Minute
84.7%
Second
6.3%
Hour
1.1%
Day
0.7%
Happy ____
(time of day where bars/restaurants offer discounts on drinks/food)
Hour
82.1%
Second
0.2%
Minute
0.2%
Day
10.1%
'This Hour has 22 ____'
(Canadian political-satire tv show - commonly abbreviated as 22 ____)
Minutes
82%
Seconds
3%
Hours
5.5%
Days
1.7%
28 ____ Later
(2002 zombie movie)
Days
81.9%
Seconds
1.6%
Minutes
2.4%
Hours
6.6%
8 ____
(length of time a bullrider must stay atop a bull for a score to count)
Seconds
81.2%
Minutes
9.6%
Hours
0.9%
Days
0.9%
A mile a ____
(phrase denoting a fast talker)
Minute
80.9%
Second
4.3%
Hour
3.8%
Day
3.8%
299,792,458 meters/____
(speed of light in a vacuum)
Second
80.5%
Minute
5%
Hour
5.5%
Day
1.4%
60 ____
(American news tv show)
Minutes
79.7%
Seconds
12.3%
Hours
0.5%
Days
0.3%
24 ____ shot clock
(amount of time for a team to attempt a shot in an NBA game)
Second
74.2%
Minute
3.1%
Hour
15.1%
Day
0.2%
New York ____
(a very short amount of time - or a 2004 movie with the Olsen twins)
Minute
73.9%
Second
9.4%
Hour
4.9%
Day
4.4%
15 ____ of fame
(the short-lived media celebrity of an individual or phenomenon)
Minutes
73.4%
Seconds
18%
Hours
0.7%
Days
0.8%
Length of a Vine video was ~6 ____
(former website for short-form looping videos)
Seconds
71.9%
Minutes
17.5%
Hours
2.4%
Days
0.5%
____ - the base SI unit of time
(based directly on the measurement of the atomic-clock)
Second
71.5%
Minute
13.5%
Hour
5.1%
Day
2.1%
1 Hertz = 1 cycle/____
(Hertz is the derived unit for frequency)
Second
66.4%
Minute
18.4%
Hour
5.4%
Day
1.9%
127 ____
(2010 movie starring James Franco)
Hours
65.4%
Seconds
5.6%
Minutes
10.4%
Days
11%
The ____
(2002 movie with Nicole Kidman, Julianne Moore and Meryl Streep)
Hours
64.2%
Seconds
4.5%
Minutes
5.6%
Days
18.2%
'2 ____ to Midnight'
(1984 Iron Maiden song referring to the Doomsday Clock)
Minutes
61.8%
Seconds
21.2%
Hours
8.5%
Days
0.9%
30 ____ to Mars
(American rock band featuring Jared Leto)
Seconds
57.9%
Minutes
15.9%
Hours
4%
Days
14.6%
'4 ____'
(Madonna song featuring Justin Timberlake and Timbaland)
Minutes
49.9%
Seconds
18.8%
Hours
10.7%
Days
12.7%
'It takes 20 years to build a reputation and five ____ to ruin it.'
(quote by American businessman Warren Buffett)
Minutes
44%
Seconds
46.6%
Hours
0.4%
Days
1.5%
5 ____ of Summer
(Australian pop boy band)
Seconds
37.7%
Minutes
3.2%
Hours
1.2%
Days
50.9%
'____ by ____'
(8th album by American rock band The Doobie Brothers)
Minute
35.9%
Second
3.2%
Hour
7.1%
Day
46.2%
Remove Ads.
Support Sporcle.
Get the best of Sporcle when you Go Orange. This ad-free experience offers more features, more stats, and more fun while also helping to support Sporcle. Thank you for becoming a member.

You're not logged in!

Compare scores with friends on all Sporcle quizzes.
OR
Log In

Show Comments

Extras

Top Quizzes Today


Score Distribution

Your Account Isn't Verified!

In order to create a playlist on Sporcle, you need to verify the email address you used during registration. Go to your Sporcle Settings to finish the process.

Report this User

Report this user for behavior that violates our Community Guidelines.

Details: